Statystyki dla Parki Narodowe w Polsce

Kliknij tutaj aby rozwiązać quiz!

Ogólne statystyki

  • Ten quiz został rozwiązany 2 484 razy
  • Średni wynik to 16 z 23

Statystyki odpowiedzi

Nazwa Parku% Poprawnych
Tatrzański Park Narodowy
89%
Białowieski Park Narodowy
87%
Biebrzański Park Narodowy
83%
Ojcowski Park Narodowy
83%
Bieszczadzki Park Narodowy
78%
Słowiński Park Narodowy
78%
Kampinoski Park Narodowy
74%
Park Narodowy „Ujście Warty”
74%
Woliński Park Narodowy
74%
Park Narodowy Gór Stołowych
72%
Karkonoski Park Narodowy
71%
Babiogórski Park Narodowy
69%
Park Narodowy „Bory Tucholskie”
68%
Pieniński Park Narodowy
65%
Świętokrzyski Park Narodowy
65%
Wielkopolski Park Narodowy
64%
Roztoczański Park Narodowy
60%
Poleski Park Narodowy
59%
Wigierski Park Narodowy
59%
Magurski Park Narodowy
58%
Narwiański Park Narodowy
54%
Drawieński Park Narodowy
52%
Gorczański Park Narodowy
52%

Rozkład punktacji

Percentyl według liczby udzielonych odpowiedzi

Procent ludzi z każdym wynikiem

Twoja historia wyników

Nie rozwiązałeś tego quizu